LEADER 03233 am 2200673 n 450 001 9910418060103321 005 20181024 010 $a979-1-03-620038-0 024 7 $a10.4000/books.enseditions.10010 035 $a(CKB)4100000007111263 035 $a(FrMaCLE)OB-enseditions-10010 035 $a(oapen)https://directory.doabooks.org/handle/20.500.12854/51807 035 $a(PPN)231559178 035 $a(EXLCZ)994100000007111263 100 $a20181024j|||||||| ||| 0 101 0 $afre 135 $auu||||||m|||| 181 $ctxt$2rdacontent 182 $cc$2rdamedia 183 $acr$2rdacarrier 200 10$aLire l?humain $eAragon, Ponge : esthétiques croisées /$fAlain Trouvé 210 $aLyon $cENS Éditions$d2018 311 $a979-1-03-620036-6 330 $aConfronter les ?uvres d?Aragon et de Ponge revêt des enjeux littéraires, politiques, anthropologiques. Ces deux figures des lettres du xxe siècle, liées aux avant-gardes, de Dada et du surréalisme (Aragon) à Tel Quel (Ponge), ont partagé fugitivement, durant la période de la Résistance, l?engagement communiste. Leur divergence croissante dans l?après-guerre et l?inversion relative du prestige symbolique accordé à chacun constituent un objet d?investigation dont l?intérêt dépasse les cas respectifs. L?enquête et la réflexion proposées dans ce livre s?attachent à situer les pratiques esthétiques selon un parcours en six parties qui associe à l?histoire littéraire les outils de la théorie de la lecture. À l?intertextualité, désormais classique, est ajoutée la notion d?arrière-texte (aux connotations aragoniennes), qui met au jour certains ressorts cachés de l?écriture-lecture. Il s?agit aussi, dans un esprit cette fois proche du lexique pongien, de prolonger une parole d?écrivain-lecteur en une contre-parole de lecteur-écrivant. S?immiscer dans ce dialogue à distance, ce n?est pas seulement essayer de comprendre ce qui différencie et relie en profondeur les ?uvres, c?est aussi, peut-être, par l?oscillation entre ces deux régimes de lecture littéraire, tenter d?élaborer, pour son propre compte, une pensée de l?humain. 606 $aLiterature, Romance 606 $aAnthropology 606 $aPoetry 606 $alecture littéraire 606 $aesthétique 606 $apolitique 606 $aarrière-texte 606 $aanthropologie 606 $aliterary reading 606 $aaesthetics 606 $apolitics 606 $aanthropology 610 $apolitics 610 $aanthropology 610 $aliterary reading 610 $aarrière-texte 610 $aaesthetics 615 4$aLiterature, Romance 615 4$aAnthropology 615 4$aPoetry 615 4$alecture littéraire 615 4$aesthétique 615 4$apolitique 615 4$aarrière-texte 615 4$aanthropologie 615 4$aliterary reading 615 4$aaesthetics 615 4$apolitics 615 4$aanthropology 700 $aTrouvé$b Alain$0764606 801 0$bFR-FrMaCLE 906 $aBOOK 912 $a9910418060103321 996 $aLire l?humain$93386787 997 $aUNINA LEADER 01960 am 2200577 n 450 001 9910137185803321 005 20150416 010 $a2-8218-4448-4 024 7 $a10.4000/books.ifea.5137 035 $a(CKB)3710000000534276 035 $a(FrMaCLE)OB-ifea-5137 035 $a(oapen)https://directory.doabooks.org/handle/20.500.12854/56890 035 $a(PPN)198369174 035 $a(EXLCZ)993710000000534276 100 $a20151217j|||||||| ||| 0 101 0 $aspa 135 $auu||||||m|||| 181 $ctxt$2rdacontent 182 $cc$2rdamedia 183 $acr$2rdacarrier 200 10$aPrehistoria de la costa norte del Perú $eEl Paijanense de Cupisnique /$fClaude Chauchat, Elizabeth Wing, Jean-Paul Lacombe, Pierre-Yves Demars, Santiago Uceda, Carlos Deza 210 $aTrujillo $cInstitut français d?études andines$d2015 215 $a1 online resource (414 p.) 606 $aCupisnique Indians$xAntiquities 606 $aExcavations (Archaeology)$zPeru$zChicama River Valley 607 $aChicama River Valley (Peru)$xAntiquities 610 $aCupisnique 610 $aChicama 610 $aPérou 610 $aarchéologie 610 $apréhistoire 610 $aPaléoindien 610 $afouille 615 0$aCupisnique Indians$xAntiquities. 615 0$aExcavations (Archaeology) 676 $a985/.101 700 $aChauchat$b Claude$01252318 701 $aWing$b Elizabeth$0205003 701 $aLacombe$b Jean-Paul$01285899 701 $aDemars$b Pierre-Yves$01285900 701 $aUceda$b Santiago$01285901 701 $aDeza$b Carlos$01285902 701 $aChauchat$b Claude$01252318 701 $aDemars$b Pierre-Yves$01285900 701 $aLacombe$b Jean-Paul$01285899 712 02$aPatronato Huacas del Valle de Moche. 801 0$bFR-FrMaCLE 906 $aBOOK 912 $a9910137185803321 996 $aPrehistoria de la costa norte del Perú$93019674 997 $aUNINA